Statistieken voor Monumenten van Europa met Kaart

Klik hier om de quiz te nemen!

Algemene statistieken

  • Deze quiz is 2.192 keer genomen
    (1.673 sinds de laatste reset)
  • De gemiddelde score is 15 van 24

Antwoorden op de kaart

Antwoorden kleurgecodeerd door een groen-rode schaal op de quizkaart volgens % correct hieronder.
 

Antwoordstatistieken

Antwoord% Correct
Eiffeltoren
90%
Big Ben
88%
Van Gogh Museum
81%
Loch Ness
78%
Acropolis
74%
Colosseum
71%
Stonehenge
69%
Camp Nou
68%
Gardameer
68%
Scheve Toren van Pisa
68%
De Kleine Zeemeermin
65%
Sognefjord
63%
Brandenburgse Poort
62%
Carcassonne
59%
Vesuvius
57%
Muren van Dubrovnik
53%
Hagia Sophia
49%
Matterhorn
48%
Paleis Schönbrunn
48%
Blauwe Lagune
44%
Winterpaleis
44%
Basiliuskathedraal
41%
Karelsbrug
40%
Kasteel Wawel
39%

Scoreverdeling

Percentiel versus Aantal Correcte Antwoorden

Procent van Mensen met Elke Score

Uw Scoregeschiedenis

U heeft deze quiz nog niet genomen sinds de laatste reset